| 000 | 00343nam a2200133Ia 4500 | ||
|---|---|---|---|
| 008 | 220204s9999 xx 000 0 und d | ||
| 082 |
_a539.1 _bSMI |
||
| 100 | _aSmith, C J | ||
| 245 | 0 | _aPrinciples of atomic and nuclear physics | |
| 260 |
_aLondon _bEdward Arnold _c1972 |
||
| 650 | _aNuclear physics | ||
| 700 | _aStokes, A R | ||
| 942 | _cBK | ||
| 999 |
_c26710 _d26710 |
||